| 000 | 00484cam a2200181ua 4500 | ||
|---|---|---|---|
| 003 | OSt | ||
| 008 | 250506b |||||||| |||| 00| 0 eng d | ||
| 020 | _a9789380358277 | ||
| 082 |
_a624.151 7 _bRAN/SU |
||
| 100 | _aRangwala, S C. | ||
| 100 | _aRangwala,K.S | ||
| 100 | _aRangwala,P.S | ||
| 245 | _aSurveying and Levelling : A Textbook of Engineering Students / | ||
| 250 | _a3 / 6 | ||
| 260 |
_aGujarat, Anand : _bCharotar publishing house , _c2011 |
||
| 300 | _a584 | ||
| 942 | _cBK | ||
| 999 |
_c553 _d553 |
||